| 000 | 00995nam a22002297a 4500 | ||
|---|---|---|---|
| 008 | 110731t xxu||||| |||| 00| 0 ara d | ||
| 082 |
_222 _a613 _bك ب ة |
||
| 100 | 1 |
_926510 _aكبة ، جوزيف عبود |
|
| 245 |
_aالصحة تاجك : _bحافظي عليه / _cجوزيف عبود كبة ؛ إخراج ورسوم عبد القادر عبد اللي |
||
| 260 |
_aحلب : _bدار الشرق العربي ، _c[د . ت]. |
||
| 300 |
_a374 ص : _bايض ؛ _c24 سم. |
||
| 650 |
_917153 _aالصحة العامة |
||
| 650 |
_921978 _aالصحة الوقائية |
||
| 650 |
_98531 _aالرعاية الصحية |
||
| 650 |
_913639 _aالتغذية |
||
| 650 |
_921703 _aالعلاج |
||
| 650 |
_926528 _aالوعى الصحي |
||
| 650 |
_926527 _aالعناية الصحية |
||
| 653 |
_bGeneral _cJuly2011 |
||
| 942 |
_2ddc _cBB |
||
| 999 |
_c15765 _d15765 |
||